| 000 | 00000nam##2200000za#4500 |
| 001 | 9.577838 |
| 003 | CaOODSP |
| 005 | 20210624185813 |
| 007 | cr ||||||||||| |
| 008 | 150406|1983||||xxc|||||o f|0| 0 eng|d |
| 022 | |a1488-5379 |
| 040 | |aCaOODSP|beng |
| 043 | |an-cn--- |
| 086 | 1 |aFs97-6/1191E-PDF |
| 110 | 1 |aCanada. |bDepartment of Fisheries and Oceans. |
| 245 | 10|aPhytoplankton production, as estimated by the C14 Technique, and populations contributing to production 1980/81/82, in the Turkey Lakes, Ontario, Watershed / |h[electronic resource]|cby R.H. Collins ... [et al.] |
| 260 | |aSault Ste. Marie - Ontario : |bFisheries and Oceans Canada |c1983. |
| 300 | |a51p. |
| 490 | 1 |aCanadian technical report of fisheries and aquatic sciences|x1488-5379|vNo. 1191 |
| 500 | |aOn t.p.: Great Lakes Fisheries Research Branch, Sault Ste. Marie, Ontario. The catalogue number and ISSN for the print edition appear in the PDF version. |
| 546 | |a(Résumé en français) |
| 590 | |a13-27-Supp|b2013-11-15 |
| 720 | 1 |aCollins, H. |
| 830 | #0|aCanadian technical report of fisheries and aquatic sciences,|x1488-5379|vNo. 1191|w(CaOODSP)9.504449 |
| 856 | 40|ahttp://publications.gc.ca|qPDF|s767 KB|uhttps://publications.gc.ca/collections/collection_2013/mpo-dfo/Fs97-6-1191-eng.pdf|yNo. 1191 |